| 000 | 00531nam a22001697a 4500 | ||
|---|---|---|---|
| 003 | SISC | ||
| 005 | 20170710165537.0 | ||
| 008 | 170710b xxu||||| |||| 00| 0 eng d | ||
| 020 | _a9710390244 | ||
| 050 |
_aPR 9550 _b.Ib12 2006 |
||
| 100 | _aIbañez, Rodolfo G. | ||
| 245 |
_aThe courage to be Pinoy : _blessons from my father's heart / _cRodolfo G. Ibañez |
||
| 260 |
_aMakati City : _bSt Pauls, _c2006. |
||
| 300 |
_axvii, 205 pages : _billustrations ; _c21 cm. |
||
| 650 | _aPhilippine literature (English). | ||
| 942 |
_2lcc _cBK |
||
| 999 |
_c337472 _d337472 |
||